| 000 | 00751nam a22002297a 4500 | ||
|---|---|---|---|
| 942 | _cBK | ||
| 999 |
_c216 _d216 |
||
| 005 | 20250420134801.0 | ||
| 008 | 191208b ||||| |||| 00| 0 eng d | ||
| 020 | _a9781948489935 | ||
| 040 | _cKCST | ||
| 082 |
_a338.761 _bMa Bu |
||
| 100 |
_aMacgregor, JR _9818 |
||
| 245 |
_aBusiness biographies and memoirs : _b 6 manuscripts : Jeff Bezos, Elon Musk, Steve Jobs, Bill Gates, Jack Ma, Richard Branson / _cJR Macgregor |
||
| 260 |
_a[Place of publication not identied]; _bCAC Publishing LLC, _c2018. |
||
| 300 | _a608 p. | ||
| 650 |
_aBezos, Jeffrey. _9819 |
||
| 650 |
_aMusk, Elon. _9820 |
||
| 650 |
_aJobs, Steve, -- 1955-2011. _9811 |
||
| 650 |
_aGates, Bill, -- 1955- _9821 |
||
| 650 |
_aBranson, Richard. _9822 |
||
| 942 | _2ddc | ||